[Event "25.Schlosspark-Open"]
[Site "Wiesbaden-Biebrich"]
[Date "2013.08.25"]
[Round "7.26"]
[White "Junker, Christian"]
[Black "Kobs, Stephan"]
[Result "1/2-1/2"]
[WhiteElo "2100"]
[BlackElo "1986"]
[PlyCount "40"]
[EventDate "2013.??.??"]
[WhiteTeam "SV 1926 Neu-Isenburg"]
[BlackTeam "SC Bad Salzdetfurth"]

1. Nf3 Nf6 2. g3 g6 3. d3 Bg7 4. Nbd2 O-O 5. Bg2 d6 6. O-O c5 7. e4 Nc6 8. Re1
e5 9. a4 h6 10. Nc4 Be6 11. Nfd2 Re8 12. Ne3 d5 13. exd5 Nxd5 14. Ne4 b6 15.
Nc4 Bf8 16. Ned2 Bg7 17. Nf3 Qc7 18. c3 Rad8 19. Qe2 Bc8 20. h3 Bb7 1/2-1/2

[Event "25.Schlosspark-Open"]
[Site "Wiesbaden-Biebrich"]
[Date "2013.08.25"]
[Round "7.27"]
[White "Holgert, Michael"]
[Black "Reichenbächer, Thomas"]
[Result "1-0"]
[WhiteElo "2076"]
[BlackElo "1966"]
[PlyCount "91"]
[EventDate "2013.??.??"]
[WhiteTeam "ESV Lok Raw Cottbus e.V."]
[BlackTeam "SC Steißlingen"]

1. c4 f5 2. g3 Nf6 3. Bg2 g6 4. Nc3 d6 5. d4 Bg7 6. Nf3 O-O 7. O-O c6 8. Rb1
Qe8 9. d5 c5 10. a3 h6 11. b4 Na6 12. Qb3 Kh7 13. Bb2 Qf7 14. e4 Ng4 15. Rbe1
f4 16. Na4 Bd7 17. b5 Nc7 18. e5 Be8 19. h3 Nxe5 20. Bxe5 dxe5 21. Nxc5 b6 22.
Nd3 Rd8 23. Nfxe5 Qf6 24. Nxf4 Qd6 25. Qe3 Rf5 26. Ned3 Bf8 27. a4 Bf7 28. Be4
Rf6 29. Nh5 Ne8 30. Ndf4 Kg8 31. Nxf6+ Qxf6 32. Bd3 Ng7 33. Qe5 Rd6 34. Qxf6
Rxf6 35. a5 g5 36. axb6 axb6 37. Ne2 Rd6 38. Nc3 e6 39. Be4 Rd8 40. dxe6 Nxe6
41. Bd5 Nc5 42. Bxf7+ Kxf7 43. Nd5 Nd7 44. f4 Bc5+ 45. Kg2 gxf4 46. Nxf4 1-0

[Event "25.Schlosspark-Open"]
[Site "Wiesbaden-Biebrich"]
[Date "2013.08.25"]
[Round "7.28"]
[White "Osswald, Luis Monty"]
[Black "Fucik, Timo"]
[Result "1-0"]
[WhiteElo "1965"]
[BlackElo "2073"]
[PlyCount "87"]
[EventDate "2013.??.??"]
[WhiteTeam "Kasseler SK 1876"]
[BlackTeam "SK 1926 Ettlingen"]

1. e4 c5 2. Nf3 d6 3. d4 cxd4 4. Nxd4 Nf6 5. Nc3 a6 6. Rg1 b5 7. a3 Bb7 8. Bd3
Nbd7 9. g4 Nc5 10. Qe2 e6 11. g5 Nfd7 12. h4 Nxd3+ 13. cxd3 Rc8 14. h5 g6 15.
Rh1 Bg7 16. Be3 Nc5 17. Rd1 Qd7 18. b4 Na4 19. Nxa4 bxa4 20. Qa2 Bxd4 21. Bxd4
e5 22. Be3 gxh5 23. Rxh5 Qg4 24. Rh6 Rc6 25. Qb2 O-O 26. Rc1 Rfc8 27. Rxc6 Qg1+
28. Kd2 Rxc6 29. Rxd6 Rxd6 30. Qxe5 Rd8 31. Qc7 Rc8 32. Qxb7 Qc1+ 33. Ke2 Rc2+
34. Kf3 Qd1+ 35. Kf4 Qxd3 36. Qb8+ Kg7 37. Qe5+ Kg8 38. Bd4 Qd2+ 39. Kf5 Kf8
40. Qd6+ Ke8 41. Kf6 Rc7 42. Qxc7 Qxd4+ 43. Qe5+ Qxe5+ 44. Kxe5 1-0

[Event "25.Schlosspark-Open"]
[Site "Wiesbaden-Biebrich"]
[Date "2013.08.25"]
[Round "7.29"]
[White "Sandten, Ulrich"]
[Black "Karthaus, Carsten"]
[Result "1/2-1/2"]
[WhiteElo "2073"]
[BlackElo "1965"]
[PlyCount "92"]
[EventDate "2013.??.??"]
[WhiteTeam "SF Vonkeln 1931"]
[BlackTeam "SG Stern Stuttgart"]

1. e4 d5 2. exd5 Qxd5 3. Nc3 Qa5 4. d4 c6 5. Bc4 Nf6 6. Bd2 Qc7 7. Nf3 Bf5 8.
Qe2 e6 9. O-O-O Nbd7 10. Ne5 Nxe5 11. dxe5 Nd5 12. g4 Bg6 13. f4 O-O-O 14. Rhf1
h6 15. f5 Bh7 16. a3 Bc5 17. Ne4 Be7 18. Ng3 Rhe8 19. fxe6 fxe6 20. Rf7 Rg8 21.
Nh5 Kb8 22. Rdf1 Bg6 23. Rxg7 Nc3 24. Qf3 Rxg7 25. Nxg7 Rxd2 26. Kxd2 Ne4+ 27.
Kd1 Qxe5 28. Qf4 Qxf4 29. Rxf4 Bd6 30. Rf3 b5 31. Bxe6 Be5 32. Bf5 Ng5 33. Rb3
Bf7 34. Ne6 Nxe6 35. Re3 Bxb2 36. Bxe6 Bg6 37. Bf5 Bf7 38. h4 Bf6 39. h5 Bg5
40. Re4 Bd5 41. Re8+ Kc7 42. Ke2 a5 43. Be4 Bc4+ 44. Bd3 Bd5 45. Re5 Bf4 46.
Rf5 Bc1 1/2-1/2

[Event "25.Schlosspark-Open"]
[Site "Wiesbaden-Biebrich"]
[Date "2013.08.25"]
[Round "7.30"]
[White "Trumpp, Lothar"]
[Black "Achtmann, Armin"]
[Result "0-1"]
[WhiteElo "2066"]
[BlackElo "1963"]
[PlyCount "92"]
[EventDate "2013.??.??"]
[WhiteTeam "VSG 1880 Offenbach"]
[BlackTeam "SAbt TuS Dotzheim"]

1. Nc3 d5 2. e4 c6 3. Nf3 g6 4. a4 Bg7 5. e5 Bg4 6. d4 e6 7. Be2 Ne7 8. b4 Nd7
9. O-O O-O 10. Re1 b6 11. Ba3 Re8 12. Qd2 Nf5 13. Qd3 Rc8 14. Na2 c5 15. c3
cxd4 16. cxd4 f6 17. exf6 Qxf6 18. Rac1 Bxf3 19. Rxc8 Rxc8 20. Bxf3 Nxd4 21.
Bd1 Ne5 22. Qh3 Nc2 23. Re2 Nxa3 24. Qxa3 Nf7 25. Re1 Ng5 26. Qe3 d4 27. Qb3
Re8 28. Bg4 h5 29. Bd1 Kh8 30. Bc2 e5 31. Qb1 Kh7 32. Nc1 Nf7 33. Ne2 Nd6 34.
f3 h4 35. h3 Rc8 36. Rc1 Qg5 37. f4 exf4 38. Rf1 Rf8 39. Bd3 f3 40. Rf2 fxe2
41. Rxe2 Rc8 42. Re1 Bh6 43. Bc2 Rc3 44. Kh1 Bg7 45. Re6 d3 46. Bd1 Be5 0-1

[Event "25.Schlosspark-Open"]
[Site "Wiesbaden-Biebrich"]
[Date "2013.08.25"]
[Round "7.31"]
[White "Hipler, Andreas"]
[Black "Neurohr, Jürgen"]
[Result "1/2-1/2"]
[WhiteElo "1858"]
[BlackElo "2060"]
[PlyCount "35"]
[EventDate "2013.??.??"]
[WhiteTeam "SK Gau-Algesheim"]
[BlackTeam "Sfr.Mainz 1928"]

1. e4 e5 2. Nf3 Nc6 3. Bc4 Nf6 4. d3 Bc5 5. c3 d6 6. O-O Qe7 7. Be3 Bxe3 8.
fxe3 O-O 9. Nbd2 h6 10. Bb3 Be6 11. Bxe6 Qxe6 12. Nh4 d5 13. Qf3 dxe4 14. Nxe4
Nxe4 15. Qxe4 g6 16. g4 Rad8 17. d4 Qe7 18. Ng2 1/2-1/2

[Event "25.Schlosspark-Open"]
[Site "Wiesbaden-Biebrich"]
[Date "2013.08.25"]
[Round "7.32"]
[White "Feicht, Arno"]
[Black "Rump, Andreas"]
[Result "1-0"]
[WhiteElo "2049"]
[BlackElo "1954"]
[PlyCount "45"]
[EventDate "2013.??.??"]
[WhiteTeam "Sfr. Anderssen Wetzlar"]
[BlackTeam "SG Turm Idstein"]

1. d4 Nf6 2. Nc3 e6 3. e4 Bb4 4. e5 Ne4 5. Qg4 Nxc3 6. Qxg7 Rf8 7. a3 Be7 8.
bxc3 c5 9. Nf3 Nc6 10. Qxh7 Qa5 11. Bd2 Qb6 12. Bd3 cxd4 13. O-O dxc3 14. Bh6
Qc5 15. Rfe1 b6 16. Bxf8 Bxf8 17. Ng5 Nd8 18. Be4 Rb8 19. Bf3 Bb7 20. Bh5 Qe7
21. Qg8 Rc8 22. Rad1 Bc6 23. Rd4 1-0

[Event "25.Schlosspark-Open"]
[Site "Wiesbaden-Biebrich"]
[Date "2013.08.25"]
[Round "7.33"]
[White "Bogucanin, Mirsad"]
[Black "Reh, Stefan"]
[Result "1/2-1/2"]
[WhiteElo "1837"]
[BlackElo "2048"]
[PlyCount "48"]
[EventDate "2013.??.??"]
[WhiteTeam "VSG 1880 Offenbach"]
[BlackTeam "SC 1934 Gelnhausen"]

1. d4 d5 2. c4 c6 3. Nc3 Nf6 4. Nf3 e6 5. Bg5 Be7 6. Bxf6 Bxf6 7. e3 O-O 8. Bd3
Nd7 9. O-O dxc4 10. Bxc4 e5 11. Ne4 exd4 12. Nxf6+ Nxf6 13. Qxd4 Bg4 14. Qf4
Bxf3 15. Qxf3 Qa5 16. Rfd1 Rad8 17. Rxd8 Rxd8 18. Rd1 h6 19. Rxd8+ Qxd8 20. Qe2
b5 21. Bb3 a6 22. e4 Qd7 23. h3 Kh8 24. Qf3 Kg8 1/2-1/2

[Event "25.Schlosspark-Open"]
[Site "Wiesbaden-Biebrich"]
[Date "2013.08.25"]
[Round "7.34"]
[White "Brechlin, Olaf"]
[Black "Haftmann, Rainer"]
[Result "1-0"]
[WhiteElo "2046"]
[BlackElo "1939"]
[PlyCount "87"]
[EventDate "2013.??.??"]
[WhiteTeam "FVS ASP Hoyerswerda"]
[BlackTeam "SAbt SG 1945 Dietzenbach"]

1. Nc3 d5 2. e4 d4 3. Nce2 c5 4. Ng3 Nc6 5. Nf3 Bg4 6. Bc4 e6 7. O-O a6 8. d3
Ne5 9. Bf4 Nxc4 10. dxc4 f6 11. e5 fxe5 12. Bxe5 Nf6 13. h3 Bxf3 14. Qxf3 Bd6
15. Bxd6 Qxd6 16. Qxb7 Rb8 17. Qxg7 Rf8 18. b3 Rf7 19. Qg5 Kd7 20. Rae1 Rg8 21.
Qe5 Qxe5 22. Rxe5 Kd6 23. Rfe1 Re8 24. Nf5+ exf5 25. Rxe8 Nxe8 26. Rxe8 Rf6 27.
f4 Kd7 28. Re5 Kd6 29. Kf2 a5 30. a4 Rf7 31. Kf3 h5 32. Re8 h4 33. Ra8 d3 34.
Ra6+ Kc7 35. cxd3 Kb7 36. Rd6 Rg7 37. Rd5 Rg3+ 38. Kf2 Kc6 39. Kg1 Kb6 40. Rxf5
Rxd3 41. Rd5 Rxb3 42. f5 Rc3 43. f6 Rxc4 44. Rf5 1-0

[Event "25.Schlosspark-Open"]
[Site "Wiesbaden-Biebrich"]
[Date "2013.08.25"]
[Round "7.35"]
[White "Seehaus, Bernhard"]
[Black "Lenz, Jonas"]
[Result "1/2-1/2"]
[WhiteElo "2038"]
[BlackElo "1930"]
[PlyCount "23"]
[EventDate "2013.??.??"]
[WhiteTeam "SV Schachforum Darmstadt 1994"]
[BlackTeam "SK Bad Homburg 1927"]

1. d3 c5 2. g3 d5 3. Bg2 Nf6 4. Nf3 Nc6 5. O-O e6 6. Nbd2 Be7 7. e4 Qc7 8. Re1
b6 9. Nf1 Bb7 10. c3 O-O-O 11. Qc2 dxe4 12. dxe4 1/2-1/2

[Event "25.Schlosspark-Open"]
[Site "Wiesbaden-Biebrich"]
[Date "2013.08.25"]
[Round "7.36"]
[White "Willems, Matthias"]
[Black "Lanz, Udo"]
[Result "1-0"]
[WhiteElo "2037"]
[BlackElo "1896"]
[PlyCount "89"]
[EventDate "2013.??.??"]
[WhiteTeam "SC Bad Nauheim"]
[BlackTeam "SC Eberbach"]

1. d4 f5 2. Bg5 g6 3. h4 h6 4. e3 Bg7 5. Bf4 Nf6 6. Nf3 d6 7. c3 O-O 8. Bc4+ e6
9. Nbd2 a6 10. a4 Qe7 11. Qb3 Nc6 12. a5 Kh8 13. Bh2 Ng4 14. Bg3 e5 15. dxe5
Ncxe5 16. Bxe5 Nxe5 17. Nxe5 dxe5 18. Nf3 Rf6 19. Ng5 Qf8 20. Nf7+ Kh7 21. Nxe5
b5 22. Bd5 c6 23. Nxc6 Bb7 24. Nd4 Bxd5 25. Qxd5 Rd6 26. Qb3 Re8 27. Nf3 Bf6
28. g3 Rd7 29. Ke2 Kg7 30. Rad1 Rde7 31. Nd4 Kh8 32. Nf3 Bg7 33. Qb4 Qf6 34.
Rd6 Qf7 35. Nd2 Be5 36. Rxa6 Bxg3 37. fxg3 Rxe3+ 38. Kd1 Rd8 39. Rd6 Rd3 40.
Rxd3 Rxd3 41. Re1 g5 42. Qxb5 Rd7 43. hxg5 h5 44. Qe5+ Kh7 45. Qe6 1-0

[Event "25.Schlosspark-Open"]
[Site "Wiesbaden-Biebrich"]
[Date "2013.08.25"]
[Round "7.37"]
[White "Gentner, Markus"]
[Black "Berger, Ewald"]
[Result "1/2-1/2"]
[WhiteElo "2025"]
[BlackElo "1923"]
[PlyCount "94"]
[EventDate "2013.??.??"]
[WhiteTeam "SG Stern Stuttgart"]
[BlackTeam "vereinslos"]

1. Nf3 c5 2. c4 Nc6 3. d4 cxd4 4. Nxd4 Nf6 5. Nc3 g6 6. e4 d6 7. Be2 Bg7 8. Be3
Nxd4 9. Bxd4 Bd7 10. O-O O-O 11. Qd3 Bc6 12. f4 e6 13. Rad1 Qe7 14. Bf2 d5 15.
cxd5 exd5 16. e5 Ne4 17. Nxe4 dxe4 18. Qc3 Rfd8 19. Bc4 Rac8 20. Qb3 b6 21. Bd4
b5 22. Be2 a6 23. Bb6 Rxd1 24. Rxd1 Qb7 25. Be3 Bd7 26. a3 Be6 27. Qb4 Bf8 28.
Qd2 Be7 29. Bd4 Rd8 30. Qe3 b4 31. a4 b3 32. g4 Qb4 33. Kf1 Bc4 34. Qxe4 Bc5
35. Bc3 Rxd1+ 36. Kg2 Rg1+ 37. Kh3 Bxe2 38. Bxb4 Bf1+ 39. Kh4 Bf2+ 40. Kg5 Kg7
41. f5 h6+ 42. Kf4 g5+ 43. Kf3 Bg2+ 44. Kxf2 Bxe4 45. Kxg1 h5 46. f6+ Kg6 47.
gxh5+ Kxh5 1/2-1/2

[Event "25.Schlosspark-Open"]
[Site "Wiesbaden-Biebrich"]
[Date "2013.08.25"]
[Round "7.38"]
[White "Böddeker, Henry"]
[Black "Machlin, Maxim"]
[Result "1/2-1/2"]
[WhiteElo "1744"]
[BlackElo "1995"]
[PlyCount "86"]
[EventDate "2013.??.??"]
[WhiteTeam "SV 1920 Hofheim"]
[BlackTeam "Biebertaler SF"]

1. e4 Nf6 2. e5 Nd5 3. d4 d6 4. c4 Nb6 5. exd6 exd6 6. Nf3 Bg4 7. h3 Bxf3 8.
Qxf3 Nc6 9. Be3 Be7 10. Nc3 O-O 11. Be2 Bg5 12. O-O f5 13. Rad1 Bxe3 14. fxe3
Qe7 15. Bd3 g6 16. Rde1 Rae8 17. Nd5 Nxd5 18. Qxd5+ Kg7 19. a3 Qf6 20. b4 Re7
21. b5 Na5 22. e4 Nb3 23. e5 Qh4 24. c5 Qxd4+ 25. Qxd4 Nxd4 26. exd6 Rxe1 27.
Rxe1 cxd6 28. cxd6 Rf7 29. Bc4 Rf8 30. Re7+ Kf6 31. Rxb7 Ra8 32. Rxh7 Ke5 33.
d7 Rd8 34. a4 Kd6 35. Kf2 Kc5 36. Bd3 Kb4 37. Ke3 Ne6 38. Re7 Nc5 39. Rg7 Kxa4
40. Rxg6 Nxd3 41. Kxd3 Kxb5 42. Rd6 Kc5 43. Rd4 Kc6 1/2-1/2

[Event "25.Schlosspark-Open"]
[Site "Wiesbaden-Biebrich"]
[Date "2013.08.25"]
[Round "7.39"]
[White "Malzahn, Sven"]
[Black "Kokhnover, Ilia"]
[Result "1-0"]
[WhiteElo "2017"]
[BlackElo "1757"]
[PlyCount "87"]
[EventDate "2013.??.??"]
[WhiteTeam "SAbt TuS Dotzheim"]
[BlackTeam "vereinslos"]

1. e4 c5 2. b4 cxb4 3. a3 bxa3 4. Nxa3 Nc6 5. d4 e6 6. c3 d5 7. e5 Nge7 8. Bd3
Ng6 9. f4 Qa5 10. Ne2 Nxd4 11. Bd2 Nc6 12. Nb5 Qd8 13. Be3 a6 14. O-O Bd7 15.
Nbd4 Bc5 16. Kh1 Ba7 17. Rf3 Qc7 18. Bg1 O-O 19. Rh3 f5 20. Be3 Qd8 21. Ng3 Qe8
22. Qb1 Nxd4 23. cxd4 Bb5 24. Bxb5 Qxb5 25. Qd1 Qe8 26. Bc1 Qf7 27. Qh5 h6 28.
Ne2 Rac8 29. Ba3 Rfe8 30. g4 fxg4 31. Qxg4 Qf5 32. Qxf5 exf5 33. Rg1 Kh7 34.
Rhg3 Re6 35. h4 Rc7 36. h5 Nh8 37. Bd6 Rf7 38. R1g2 g6 39. Nc3 gxh5 40. Nxd5
Rg6 41. Nf6+ Kg7 42. Nxh5+ Kh7 43. Rxg6 Nxg6 44. e6 1-0

[Event "25.Schlosspark-Open"]
[Site "Wiesbaden-Biebrich"]
[Date "2013.08.25"]
[Round "7.40"]
[White "Gauer, Jakob"]
[Black "Frey, Thomas"]
[Result "1/2-1/2"]
[WhiteElo "1898"]
[BlackElo "2141"]
[PlyCount "76"]
[EventDate "2013.??.??"]
[WhiteTeam "SC Ostfildern 1952 e.V."]
[BlackTeam "SV Reutlingen"]

1. e4 e6 2. Qe2 c5 3. f4 Nc6 4. c3 Be7 5. Nf3 d5 6. e5 Qb6 7. d3 Nh6 8. g3 Nf5
9. Bg2 h5 10. O-O Bd7 11. Bh3 g6 12. Bxf5 gxf5 13. h4 d4 14. c4 Nb8 15. Na3 Bc6
16. Ng5 Bxg5 17. fxg5 Nd7 18. Bf4 a6 19. Rab1 Qc7 20. Kf2 b6 21. Ke1 Bb7 22.
Nc2 Qc6 23. b3 Nf8 24. b4 Ng6 25. a3 Ke7 26. Kd2 Ra7 27. Ra1 b5 28. cxb5 axb5
29. Rfc1 Nxf4 30. gxf4 cxb4 31. Nxb4 Qd7 32. Qd1 Bd5 33. Qc2 Bf3 34. Qc5+ Kd8
35. Qb6+ Ke7 36. Qc5+ Kd8 37. Qb6+ Ke7 38. Qc5+ Kd8 1/2-1/2

[Event "25.Schlosspark-Open"]
[Site "Wiesbaden-Biebrich"]
[Date "2013.08.25"]
[Round "7.41"]
[White "Wolf, Gabriel"]
[Black "Rödiger, Thomas"]
[Result "1/2-1/2"]
[WhiteElo "1859"]
[BlackElo "2086"]
[PlyCount "76"]
[EventDate "2013.??.??"]
[WhiteTeam "Vorw.Orient Mainz"]
[BlackTeam "SC Bad Soden"]

1. d4 Nf6 2. c4 e6 3. Nc3 d5 4. cxd5 exd5 5. Bg5 Be7 6. e3 c6 7. Qc2 Be6 8. Bd3
Nbd7 9. Nge2 h6 10. Bh4 Nh5 11. Bxe7 Qxe7 12. O-O O-O 13. Rad1 Nhf6 14. Kh1 Ng4
15. Ng3 Qh4 16. h3 Nxe3 17. fxe3 Qxg3 18. Rf3 Qh4 19. Rf4 Qh5 20. Rdf1 Rae8 21.
Be2 Qg6 22. Bd3 Qg5 23. e4 Nf6 24. exd5 cxd5 25. g4 Qh4 26. Kg2 Bd7 27. Bf5 Re3
28. R1f3 Rxf3 29. Rxf3 Bxf5 30. Rxf5 Re8 31. Qf2 Qxf2+ 32. Kxf2 Rd8 33. Kf3 Kf8
34. Kf4 Rd6 35. Ke5 Re6+ 36. Kf4 g6 37. Re5 Rd6 38. h4 Rb6 1/2-1/2

[Event "25.Schlosspark-Open"]
[Site "Wiesbaden-Biebrich"]
[Date "2013.08.25"]
[Round "7.42"]
[White "Bolduan, Michael"]
[Black "Seidel, Jürgen"]
[Result "1/2-1/2"]
[WhiteElo "1862"]
[BlackElo "2068"]
[PlyCount "83"]
[EventDate "2013.??.??"]
[WhiteTeam "SC Taunusstein 1966"]
[BlackTeam "SV 1920 Hofheim"]

1. e4 d6 2. d4 Nf6 3. Nc3 Nbd7 4. Nf3 e5 5. Bc4 Be7 6. Ng5 O-O 7. Nxf7 Rxf7 8.
Bxf7+ Kxf7 9. O-O c6 10. Be3 Kg8 11. f4 Qc7 12. fxe5 dxe5 13. Qe2 exd4 14. Qc4+
Kh8 15. Bf4 Qd8 16. e5 dxc3 17. exf6 Bxf6 18. bxc3 Nb6 19. Qf7 Qg8 20. Qh5 Be6
21. Rae1 Bxa2 22. Be5 Bf7 23. Qf5 Bxe5 24. Rxe5 Bg6 25. Qg5 Rf8 26. Rfe1 Qf7
27. h4 h6 28. Qe7 Nc8 29. Qc5 b6 30. Qe3 a5 31. Re6 c5 32. Qg3 Bxc2 33. R1e3
Bf5 34. Rc6 a4 35. Rc7 Qf6 36. Rf3 g6 37. Qf4 g5 38. hxg5 hxg5 39. Qh2+ Kg8 40.
g4 Rd8 41. gxf5 Rd1+ 42. Rf1 1/2-1/2

[Event "25.Schlosspark-Open"]
[Site "Wiesbaden-Biebrich"]
[Date "2013.08.25"]
[Round "7.43"]
[White "Rüll, Michael"]
[Black "Tepe, Josef"]
[Result "1/2-1/2"]
[WhiteElo "1854"]
[BlackElo "2044"]
[PlyCount "38"]
[EventDate "2013.??.??"]
[WhiteTeam "SC 1952 Obertshausen"]
[BlackTeam "SC Taunusstein 1966"]

1. d4 d5 2. Bf4 c5 3. e3 Nc6 4. c3 Qb6 5. Qb3 c4 6. Qxb6 axb6 7. Na3 Ra5 8. Bc7
Ra6 9. Nb5 Bf5 10. Bg3 Kd7 11. Nf3 e6 12. Ne5+ Nxe5 13. dxe5 Bc5 14. Nd4 Bxd4
15. exd4 Ne7 16. Be2 Ra5 17. O-O Rha8 18. a3 b5 19. Bf4 Nc6 1/2-1/2

[Event "25.Schlosspark-Open"]
[Site "Wiesbaden-Biebrich"]
[Date "2013.08.25"]
[Round "7.44"]
[White "Stabernack, Joschi"]
[Black "Thomele, Michael"]
[Result "1-0"]
[WhiteElo "2041"]
[BlackElo "1882"]
[PlyCount "63"]
[EventDate "2013.??.??"]
[WhiteTeam "Kasseler SK 1876"]
[BlackTeam "SC 1959 Obernau"]

1. e4 c5 2. Nf3 d6 3. d4 cxd4 4. Nxd4 Nf6 5. Nc3 a6 6. g3 e6 7. Bg2 Be7 8. O-O
Qc7 9. a4 Nc6 10. h3 Bd7 11. Be3 Na5 12. Re1 Rc8 13. Kh2 Nc4 14. Bc1 h5 15. f4
g6 16. Qd3 Rg8 17. b3 Na5 18. Bb2 Nc6 19. Nf3 Nb4 20. Qd2 d5 21. exd5 Nbxd5 22.
Nxd5 Nxd5 23. c4 Bb4 24. Qxd5 Bxe1 25. Rxe1 Bc6 26. Rxe6+ fxe6 27. Qxe6+ Kf8
28. Ne5 Bxg2 29. Ba3+ Kg7 30. Qxg6+ Kh8 31. Qh6+ Qh7 32. Nf7# 1-0

[Event "25.Schlosspark-Open"]
[Site "Wiesbaden-Biebrich"]
[Date "2013.08.25"]
[Round "7.45"]
[White "Diez, Gerhard"]
[Black "Lukas, Sebastian"]
[Result "1/2-1/2"]
[WhiteElo "1996"]
[BlackElo "1872"]
[PlyCount "90"]
[EventDate "2013.??.??"]
[WhiteTeam "SC Bad Nauheim"]
[BlackTeam "SC 1979 Hattersheim"]

1. e4 c5 2. Nf3 e6 3. d4 cxd4 4. Nxd4 Nc6 5. Nc3 a6 6. Nxc6 bxc6 7. Bd3 Bb4 8.
O-O Ne7 9. Na4 O-O 10. c4 d5 11. Qc2 Ng6 12. f4 Be7 13. Be3 d4 14. Bd2 c5 15.
b4 cxb4 16. c5 a5 17. a3 bxa3 18. Rxa3 Qc7 19. e5 Ba6 20. Rc1 Bxd3 21. Qxd3
Rfd8 22. Ra2 Qc6 23. g3 Nf8 24. Nb6 Ra7 25. Rxa5 Rxa5 26. Bxa5 Nd7 27. Nxd7
Rxd7 28. Bb6 Bd8 29. Rb1 g6 30. Rb4 Rb7 31. Qxd4 Rd7 32. Qe4 Qxe4 33. Rxe4 Bxb6
34. cxb6 Rd1+ 35. Kf2 Rb1 36. Kf3 h5 37. g4 hxg4+ 38. Kxg4 Rxb6 39. Re3 Kg7 40.
h4 Rb1 41. Rg3 Rh1 42. Kg5 Rf1 43. h5 gxh5 44. Kxh5+ Kf8 45. Kg5 Ke7 1/2-1/2

[Event "25.Schlosspark-Open"]
[Site "Wiesbaden-Biebrich"]
[Date "2013.08.25"]
[Round "7.46"]
[White "Englert, Fred"]
[Black "Kuhn, Gerhard"]
[Result "1/2-1/2"]
[WhiteElo "1841"]
[BlackElo "1996"]
[PlyCount "37"]
[EventDate "2013.??.??"]
[WhiteTeam "SK 1982 Klingenberg/Main"]
[BlackTeam "SK Marburg 1931/72"]

1. c4 Nf6 2. g3 g6 3. Nf3 Bg7 4. Bg2 d5 5. O-O O-O 6. d4 Nc6 7. cxd5 Nxd5 8.
Nc3 Nb6 9. e3 e5 10. dxe5 Nxe5 11. Nxe5 Qxd1 12. Rxd1 Bxe5 13. Nd5 c6 14. Ne7+
Kg7 15. Nxc8 Raxc8 16. Rb1 Rcd8 17. Bd2 Na4 18. Bb4 Rfe8 19. b3 1/2-1/2

[Event "25.Schlosspark-Open"]
[Site "Wiesbaden-Biebrich"]
[Date "2013.08.25"]
[Round "7.47"]
[White "Koch, Thomas"]
[Black "Troidl, Thomas"]
[Result "1-0"]
[WhiteElo "1836"]
[BlackElo "1991"]
[PlyCount "59"]
[EventDate "2013.??.??"]
[WhiteTeam "SV 1934 Ffm-Griesheim"]
[BlackTeam "TSV Kareth-Lappersdorf"]

1. e4 c5 2. Nf3 d6 3. d4 cxd4 4. Nxd4 Nf6 5. Nc3 g6 6. Bc4 Bg7 7. Be3 O-O 8. f3
Nc6 9. Qd2 Nd7 10. O-O-O Nb6 11. Bb3 Na5 12. g4 Nbc4 13. Qd3 Nxb3+ 14. axb3
Nxe3 15. Qxe3 Bd7 16. h4 a5 17. h5 a4 18. bxa4 Bxa4 19. hxg6 fxg6 20. Nxa4 Rf7
21. Nc3 Be5 22. Kb1 Qb6 23. Rhf1 Bf4 24. Qd3 Qa7 25. Nb3 Rff8 26. Qd5+ Kg7 27.
Qd4+ Be5 28. Qxa7 Rxa7 29. Nb5 Ra6 30. Nc7 1-0

[Event "25.Schlosspark-Open"]
[Site "Wiesbaden-Biebrich"]
[Date "2013.08.25"]
[Round "7.48"]
[White "Beck, Michael"]
[Black "Budde, Michael"]
[Result "1/2-1/2"]
[WhiteElo "1930"]
[BlackElo "1845"]
[PlyCount "28"]
[EventDate "2013.??.??"]
[WhiteTeam "SC Flörsheim 1921"]
[BlackTeam "SC 1979 Hattersheim"]

1. Nf3 Nf6 2. c4 e6 3. g3 d5 4. Bg2 Be7 5. O-O O-O 6. d4 a6 7. Nbd2 Nbd7 8. Qc2
dxc4 9. Nxc4 c5 10. Rd1 Ra7 11. Bf4 b5 12. Nd6 Qb6 13. dxc5 Qxc5 14. Qb3 Qh5
1/2-1/2

[Event "25.Schlosspark-Open"]
[Site "Wiesbaden-Biebrich"]
[Date "2013.08.25"]
[Round "7.49"]
[White "Meaubert, Thomas"]
[Black "Wilke, Jörg"]
[Result "0-1"]
[WhiteElo "1834"]
[BlackElo "1926"]
[PlyCount "56"]
[EventDate "2013.??.??"]
[WhiteTeam "Sfr. Hochheim"]
[BlackTeam "SC Matt im Park Ffm"]

1. d4 d5 2. Nf3 Bf5 3. e3 e6 4. c4 c6 5. cxd5 cxd5 6. Qb3 Qc7 7. Nc3 a6 8. Bd2
Nc6 9. Rc1 Bd6 10. Nh4 Bg6 11. Nxg6 hxg6 12. h3 Nge7 13. a3 f5 14. f4 g5 15.
Ne2 gxf4 16. exf4 Rc8 17. Qe3 Kf7 18. Ng1 g5 19. Nf3 Bxf4 20. Nxg5+ Bxg5 21.
Qxg5 Rcg8 22. Qe3 Rh4 23. Qf2 Re4+ 24. Be2 Qg3 25. Rc3 Qxg2 26. Qxg2 Rxg2 27.
Be3 Nxd4 28. Bh5+ Kf6 0-1

[Event "25.Schlosspark-Open"]
[Site "Wiesbaden-Biebrich"]
[Date "2013.08.25"]
[Round "7.51"]
[White "Hoffmann, Jens"]
[Black "Rennhack, Peer"]
[Result "0-1"]
[WhiteElo "1655"]
[BlackElo "1919"]
[PlyCount "194"]
[EventDate "2013.??.??"]
[WhiteTeam "SF HN-Biberach 1978 e.V."]
[BlackTeam "Sabt Frankfurter TV 1860"]

1. e4 Nf6 2. e5 Nd5 3. Nf3 d6 4. exd6 exd6 5. d4 Be7 6. c4 Nb6 7. Bd3 Bg4 8.
O-O Nc6 9. Be3 O-O 10. Nbd2 Bf6 11. Qb1 h6 12. Re1 Re8 13. a3 a5 14. h3 Bxf3
15. Nxf3 a4 16. Qc2 Na5 17. Nd2 Nc6 18. Nf3 Nd7 19. Re2 Nf8 20. Rae1 Ne6 21. d5
Ned4 22. Nxd4 Nxd4 23. Bxd4 Rxe2 24. Rxe2 Bxd4 25. Qd2 Kf8 26. Qf4 Be5 27. Qe3
Qf6 28. Qd2 b6 29. Qb4 Qf4 30. g3 Qd4 31. Re3 Qxb2 32. Qxb2 Bxb2 33. Bf5 Re8
34. Rxe8+ Kxe8 35. Bc2 Ke7 36. Bxa4 Kf6 37. f4 Bxa3 38. Bc2 g5 39. Kf2 Bc1 40.
Kf3 h5 41. Be4 h4 42. fxg5+ Bxg5 43. gxh4 Bxh4 44. Bc2 Kg5 45. Ba4 f5 46. Ke3
Bg3 47. Kf3 Be5 48. Kf2 Kf4 49. h4 Kg4 50. Bd7 Bg3+ 51. Kf1 Bxh4 52. Kg2 Bg5
53. Kf1 Kf4 54. Kf2 Ke4 55. Bb5 Be3+ 56. Ke2 f4 57. Kf1 f3 58. Ke1 Kd4 59. Kf1
Kc3 60. Ke1 Kc2 61. Kf1 Kc3 62. Ke1 Kd4 63. Kf1 Kc5 64. Ke1 Bd4 65. Kf1 Be3 66.
Ke1 Kd4 67. Kf1 Ke4 68. Ke1 Bg5 69. Kf2 Bh4+ 70. Kf1 Bg3 71. Kg1 Kd4 72. Kf1
Kc5 73. Ba6 c6 74. dxc6 Kxc6 75. Bc8 b5 76. cxb5+ Kxb5 77. Bg4 f2 78. Be2+ Kc5
79. Kg2 Bh4 80. Kh3 Bf6 81. Kg3 Bd4 82. Kf3 Kb4 83. Ke4 Kc3 84. Bf1 Bc5 85. Kf3
Kd2 86. Ke4 Ke1 87. Bd3 f1=Q 88. Bxf1 Kxf1 89. Kd5 Ke2 90. Ke4 Ba3 91. Kd4 Kd2
92. Kc4 Ke3 93. Kd5 Kd3 94. Ke6 Ke4 95. Kf6 d5 96. Kg5 d4 97. Kg4 d3 0-1

[Event "25.Schlosspark-Open"]
[Site "Wiesbaden-Biebrich"]
[Date "2013.08.25"]
[Round "7.52"]
[White "Fröhlich-Dill, Astrid"]
[Black "Kempfer, Justus"]
[Result "1-0"]
[WhiteElo "1904"]
[BlackElo "1683"]
[PlyCount "49"]
[EventDate "2013.??.??"]
[WhiteTeam "SV 1920 Hofheim"]
[BlackTeam "SJ Herborn 1998"]

1. d4 Nf6 2. c4 g6 3. Nc3 Bg7 4. e4 d6 5. f3 O-O 6. Be3 a6 7. Qd2 Nbd7 8. Nge2
c5 9. d5 Ne5 10. Ng3 Rb8 11. a4 Qa5 12. Be2 Nfd7 13. f4 Qb4 14. fxe5 Nxe5 15.
Nd1 Qb3 16. Ra3 Qb6 17. O-O Bd7 18. a5 Qc7 19. Bh6 b5 20. axb6 Rxb6 21. Bxg7
Kxg7 22. Qg5 f6 23. Nh5+ Kf7 24. Nxf6 exf6 25. Qxf6+ 1-0